De quelle nationalité sont ces footballeurs #1 - Statistiques

Statistiques générales
  • Ce quiz a été pris 1 127 fois
  • Le résultat moyen est 14 sur 15
Statistiques - réponses
Hint Réponse % Correct
Lionel Messi Argentine
98%
Achraf Hakimi Maroc
98%
Neymar da Silva Santôs J.R Brésil
97%
Kylian Mbappé France
96%
Marco Verrati Italie
96%
Sergio Ramos Espagne
95%
Zlatan Ibrahimovic Suède
95%
David Beckham Royaume-Uni
94%
Edinson Cavani Uruguay
92%
Nuno Mendes Portugal
90%
Thilo Kehrer Allemagne
88%
Jay-jay Ockocha Nigeria
82%
Eric Maxim Choupo-Moting Cameroun
78%
Abdou Diallo Sénégal
76%
George Weah Liberia
75%
Aucun quiz correspondant
Distribution des résultats
% des personnes avec chaque résultat
Percentile par nombre de réponses
Votre historique - résultats
Vous n’avez pas pris ce quiz